[Event "European Senior Team Championship 2021"]
[Site "Don Giovanni hotel, Vinohradska 2733, Prague, Czech Republic"]
[Date "2021.08.31"]
[Round "2"]
[Board "3"]
[White "Kretschmer, Wolfgang"]
[Black "Thjomoe, Hans Richard"]
[Result "0-1"]
[WhiteElo "1731"]
[BlackElo "1856"]
[PlyCount "0"]
[EventDate "2021.08.30"]
[EventType "team"]
[EventRounds "9"]
[EventCountry "ECX"]
[WhiteTeam "DRESDENER SPRINGER"]
[BlackTeam "GOLDEN OLDIES"]

1. d4 {[%clk 1:30:56]} e6 {[%clk 1:30:44]} 2. c4 {[%clk 1:31:12]} f5
{[%clk 1:30:57]} 3. g3 {[%clk 1:31:07]} Nf6 {[%clk 1:30:57]} 4. Nc3
{[%clk 1:30:48]} Be7 {[%clk 1:30:56]} 5. Bg2 {[%clk 1:30:35]} d6 {[%clk 1:29:45]}
6. Nf3 {[%clk 1:30:36]} O-O {[%clk 1:29:12]} 7. O-O {[%clk 1:30:54]} Ne4
{[%clk 1:28:42]} 8. Be3 {[%clk 1:22:26]} Nxc3 {[%clk 1:26:40]} 9. bxc3
{[%clk 1:22:45]} Nc6 {[%clk 1:23:21]} 10. Rb1 {[%clk 1:14:51]} Na5
{[%clk 1:17:08]} 11. Nd2 {[%clk 1:06:24]} Rb8 {[%clk 1:10:05]} 12. d5
{[%clk 1:02:55]} b6 {[%clk 1:08:46]} 13. dxe6 {[%clk 0:59:38]} Bxe6
{[%clk 1:08:45]} 14. Bd5 {[%clk 1:00:00]} Qd7 {[%clk 1:08:06]} 15. Rb4
{[%clk 0:53:20]} c6 {[%clk 0:55:26]} 16. Qa4 {[%clk 0:46:45]} cxd5
{[%clk 0:54:41]}  0-1

[Event "European Senior Team Championship 2021"]
[Site "Don Giovanni hotel, Vinohradska 2733, Prague, Czech Republic"]
[Date "2021.08.31"]
[Round "2"]
[Board "4"]
[White "Bjorgvik, Jan Arne"]
[Black "Baensch, Frank"]
[Result "1/2-1/2"]
[WhiteElo "1722"]
[BlackElo "1682"]
[PlyCount "0"]
[EventDate "2021.08.30"]
[EventType "team"]
[EventRounds "9"]
[EventCountry "ECX"]
[WhiteTeam "GOLDEN OLDIES"]
[BlackTeam "DRESDENER SPRINGER"]

1. e4 {[%clk 1:30:53]} c5 {[%clk 1:30:52]} 2. Nf3 {[%clk 1:31:11]} Nc6
{[%clk 1:31:11]} 3. d4 {[%clk 1:31:09]} cxd4 {[%clk 1:31:32]} 4. Nxd4
{[%clk 1:31:15]} e5 {[%clk 1:31:34]} 5. Nxc6 {[%clk 1:31:25]} bxc6
{[%clk 1:31:52]} 6. c4 {[%clk 1:31:35]} Bb7 {[%clk 1:29:17]} 7. Nc3
{[%clk 1:31:02]} Bc5 {[%clk 1:27:49]} 8. Bd3 {[%clk 1:26:14]} Nf6
{[%clk 1:25:53]} 9. O-O {[%clk 1:24:18]} O-O {[%clk 1:25:49]} 10. Qe2
{[%clk 1:21:54]} Bd4 {[%clk 1:25:10]} 11. Bg5 {[%clk 1:16:41]} Rb8
{[%clk 1:22:27]} 12. Rab1 {[%clk 1:14:24]} Re8 {[%clk 1:20:19]} 13. Qf3
{[%clk 1:12:14]} Re6 {[%clk 1:17:51]} 14. Ne2 {[%clk 1:08:02]} Bb6
{[%clk 1:14:34]} 15. Ng3 {[%clk 1:05:58]} d5 {[%clk 1:12:25]} 16. Nh5
{[%clk 1:00:29]} Kh8 {[%clk 1:05:16]} 17. exd5 {[%clk 0:54:06]} cxd5
{[%clk 1:05:05]} 18. Bxf6 {[%clk 0:51:30]} gxf6 {[%clk 0:57:58]} 19. Qg3
{[%clk 0:45:02]} Qg8 {[%clk 0:57:09]} 20. Bf5 {[%clk 0:40:27]} Qxg3
{[%clk 0:52:16]} 21. Nxg3 {[%clk 0:38:41]} Rd6 {[%clk 0:51:45]}  1/2-1/2

[Event "European Senior Team Championship 2021"]
[Site "Don Giovanni hotel, Vinohradska 2733, Prague, Czech Republic"]
[Date "2021.09.02"]
[Round "4"]
[Board "1"]
[White "Knaak, Rainer"]
[Black "Gruenfeld, Yehuda"]
[Result "1/2-1/2"]
[WhiteElo "2476"]
[BlackElo "2397"]
[PlyCount "0"]
[EventDate "2021.08.30"]
[EventType "team"]
[EventRounds "9"]
[EventCountry "ECX"]
[WhiteTeam "LASKER SCHACHSTIFTUNG GK"]
[BlackTeam "ISRAEL 1"]

1. d4 {[%clk 1:30:56]} Nf6 {[%clk 1:30:40]} 2. c4 {[%clk 1:31:13]} e6
{[%clk 1:31:05]} 3. Nc3 {[%clk 1:31:34]} Bb4 {[%clk 1:31:24]} 4. e3
{[%clk 1:31:47]} O-O {[%clk 1:31:10]} 5. Bd2 {[%clk 1:31:41]} b6 {[%clk 1:29:45]}
6. Bd3 {[%clk 1:31:45]} Bb7 {[%clk 1:30:09]} 7. Nf3 {[%clk 1:32:07]} d5
{[%clk 1:30:15]} 8. cxd5 {[%clk 1:32:06]} exd5 {[%clk 1:30:38]} 9. Rc1
{[%clk 1:31:52]} a6 {[%clk 1:26:59]} 10. Ne5 {[%clk 1:29:19]} Bd6
{[%clk 1:19:20]} 11. O-O {[%clk 1:24:51]} c5 {[%clk 1:19:31]} 12. f4
{[%clk 1:23:02]} Nc6 {[%clk 1:18:19]} 13. Ng4 {[%clk 1:10:57]} Be7
{[%clk 1:00:30]} 14. Nxf6+ {[%clk 0:48:33]} Bxf6 {[%clk 1:00:46]} 15. Qf3
{[%clk 0:48:01]} Nb4 {[%clk 0:21:15]} 16. Bb1 {[%clk 0:48:21]} cxd4
{[%clk 0:21:24]} 17. Ne2 {[%clk 0:32:56]} Nc6 {[%clk 0:17:08]} 18. exd4
{[%clk 0:26:25]} Re8 {[%clk 0:16:32]}  1/2-1/2

[Event "European Senior Team Championship 2021"]
[Site "Don Giovanni hotel, Vinohradska 2733, Prague, Czech Republic"]
[Date "2021.09.02"]
[Round "4"]
[Board "2"]
[White "Birnboim, Nathan"]
[Black "Kalinitschew, Sergey"]
[Result "1-0"]
[WhiteElo "2375"]
[BlackElo "2434"]
[PlyCount "0"]
[EventDate "2021.08.30"]
[EventType "team"]
[EventRounds "9"]
[EventCountry "ECX"]
[WhiteTeam "ISRAEL 1"]
[BlackTeam "LASKER SCHACHSTIFTUNG GK"]

1. e4 {[%clk 1:30:54]} c6 {[%clk 1:29:38]} 2. d4 {[%clk 1:29:33]} d5
{[%clk 1:30:01]} 3. e5 {[%clk 1:29:03]} c5 {[%clk 1:30:18]} 4. dxc5
{[%clk 1:19:15]} Nc6 {[%clk 1:29:26]} 5. Bf4 {[%clk 1:07:12]} e6 {[%clk 1:27:23]}
6. Nd2 {[%clk 1:04:35]} Nge7 {[%clk 1:18:12]} 7. Ngf3 {[%clk 0:58:27]} Ng6
{[%clk 1:16:18]} 8. Bg3 {[%clk 0:58:16]} Bxc5 {[%clk 1:16:20]} 9. h4
{[%clk 0:55:57]} f6 {[%clk 1:14:14]} 10. exf6 {[%clk 0:50:58]} Qxf6
{[%clk 1:14:36]} 11. Nb3 {[%clk 0:47:12]} Qxb2 {[%clk 1:06:29]} 12. Bd3
{[%clk 0:45:53]} Qc3+ {[%clk 1:06:21]} 13. Kf1 {[%clk 0:44:52]} O-O
{[%clk 1:06:36]} 14. Ng5 {[%clk 0:41:01]} Nce5 {[%clk 1:03:57]} 15. Nxc5
{[%clk 0:38:58]} Qxc5 {[%clk 1:03:52]} 16. Qh5 {[%clk 0:37:25]} h6
{[%clk 1:01:07]} 17. Bxg6 {[%clk 0:37:22]} Nxg6 {[%clk 1:01:36]} 18. Qxg6
{[%clk 0:37:41]} hxg5 {[%clk 1:01:56]} 19. hxg5 {[%clk 0:37:39]} Qc4+
{[%clk 0:59:27]} 20. Kg1 {[%clk 0:37:39]} Qe4 {[%clk 0:59:57]} 21. Qh5
{[%clk 0:31:01]} Qf5 {[%clk 0:59:00]} 22. Bd6 {[%clk 0:16:29]} Bd7
{[%clk 0:54:31]} 23. Rf1 {[%clk 0:14:48]} Bb5 {[%clk 0:54:33]} 24. g4
{[%clk 0:14:23]}  1-0

[Event "European Senior Team Championship 2021"]
[Site "Don Giovanni hotel, Vinohradska 2733, Prague, Czech Republic"]
[Date "2021.09.02"]
[Round "4"]
[Board "3"]
[White "Meister, Jakob"]
[Black "Berkovich, Mark A"]
[Result "1/2-1/2"]
[WhiteElo "2416"]
[BlackElo "2323"]
[PlyCount "0"]
[EventDate "2021.08.30"]
[EventType "team"]
[EventRounds "9"]
[EventCountry "ECX"]
[WhiteTeam "LASKER SCHACHSTIFTUNG GK"]
[BlackTeam "ISRAEL 1"]

1. e4 {[%clk 1:30:59]} c6 {[%clk 1:30:46]} 2. c4 {[%clk 1:31:07]} d5
{[%clk 1:31:10]} 3. exd5 {[%clk 1:31:30]} cxd5 {[%clk 1:31:35]} 4. cxd5
{[%clk 1:31:54]} Nf6 {[%clk 1:31:52]} 5. Nc3 {[%clk 1:32:07]} g6 {[%clk 1:29:51]}
6. d4 {[%clk 1:30:42]} Bg7 {[%clk 1:29:52]} 7. Bb5+ {[%clk 1:31:05]} Nbd7
{[%clk 1:30:14]} 8. d6 {[%clk 1:31:24]} O-O {[%clk 1:30:40]} 9. dxe7
{[%clk 1:31:42]} Qxe7+ {[%clk 1:31:04]} 10. Nge2 {[%clk 1:32:05]} a6
{[%clk 1:31:26]} 11. Bd3 {[%clk 1:30:07]} b5 {[%clk 1:31:30]} 12. O-O
{[%clk 1:29:58]} Bb7 {[%clk 1:31:09]} 13. a3 {[%clk 1:26:45]} Nb6
{[%clk 1:29:41]} 14. Re1 {[%clk 1:21:01]} Rac8 {[%clk 1:19:10]} 15. h3
{[%clk 1:05:22]} Qd7 {[%clk 1:13:26]} 16. Bg5 {[%clk 0:34:56]} Rfe8
{[%clk 0:56:23]} 17. Qd2 {[%clk 0:27:11]} Nc4 {[%clk 0:48:34]} 18. Bxc4
{[%clk 0:24:02]} Rxc4 {[%clk 0:48:55]} 19. Bh6 {[%clk 0:18:34]} Bh8
{[%clk 0:43:56]} 20. Rad1 {[%clk 0:18:07]} Nd5 {[%clk 0:36:47]} 21. Nxd5
{[%clk 0:16:40]} Bxd5 {[%clk 0:37:11]} 22. Be3 {[%clk 0:10:18]} Rec8
{[%clk 0:34:18]} 23. Rc1 {[%clk 0:10:07]} Bb7 {[%clk 0:29:35]} 24. Rxc4
{[%clk 0:10:15]} Rxc4 {[%clk 0:29:43]} 25. Rc1 {[%clk 0:08:02]} Rxc1+
{[%clk 0:27:44]} 26. Qxc1 {[%clk 0:08:12]} Bf6 {[%clk 0:24:52]} 27. Qd2
{[%clk 0:07:23]} h5 {[%clk 0:24:44]} 28. f3 {[%clk 0:06:54]} Qd5 {[%clk 0:21:34]}
29. Nc3 {[%clk 0:06:26]} Qf5 {[%clk 0:17:56]} 30. Bf2 {[%clk 0:03:55]} Qe6
{[%clk 0:13:55]} 31. Qe2 {[%clk 0:03:06]} Qxe2 {[%clk 0:12:45]} 32. Nxe2
{[%clk 0:03:35]} Be7 {[%clk 0:12:35]} 33. Be1 {[%clk 0:03:29]} f5
{[%clk 0:12:07]} 34. Kf2 {[%clk 0:03:23]} Kf7 {[%clk 0:12:25]} 35. Bd2
{[%clk 0:03:24]} g5 {[%clk 0:11:52]} 36. Bb4 {[%clk 0:01:17]} Bf6
{[%clk 0:11:10]} 37. Ke3 {[%clk 0:01:35]} Ke6 {[%clk 0:11:07]} 38. Bc5
{[%clk 0:01:45]} f4+ {[%clk 0:03:52]} 39. Kf2 {[%clk 0:01:50]} Kf5
{[%clk 0:02:43]} 40. Nc3 {[%clk 0:02:12]} g4 {[%clk 0:02:39]} 41. hxg4+
{[%clk 0:02:39]} hxg4 {[%clk 0:03:04]} 42. Bb6 {[%clk 0:29:14]} Bh4+
{[%clk 0:32:02]} 43. Ke2 {[%clk 0:29:40]} Bf6 {[%clk 0:32:27]} 44. Bc5
{[%clk 0:28:45]} Ba8 {[%clk 0:30:17]} 45. Bb6 {[%clk 0:25:24]} Bb7
{[%clk 0:30:12]}  1/2-1/2

[Event "European Senior Team Championship 2021"]
[Site "Don Giovanni hotel, Vinohradska 2733, Prague, Czech Republic"]
[Date "2021.09.02"]
[Round "4"]
[Board "4"]
[White "Lederman, Leon"]
[Black "Koehler, Gerhard"]
[Result "1/2-1/2"]
[WhiteElo "2246"]
[BlackElo "2183"]
[PlyCount "0"]
[EventDate "2021.08.30"]
[EventType "team"]
[EventRounds "9"]
[EventCountry "ECX"]
[WhiteTeam "ISRAEL 1"]
[BlackTeam "LASKER SCHACHSTIFTUNG GK"]

1. e4 {[%clk 1:30:57]} e6 {[%clk 1:30:54]} 2. d4 {[%clk 1:31:24]} d5
{[%clk 1:31:21]} 3. Nc3 {[%clk 1:31:49]} Nf6 {[%clk 1:31:41]} 4. e5
{[%clk 1:32:15]} Nfd7 {[%clk 1:32:03]} 5. f4 {[%clk 1:32:43]} c5 {[%clk 1:32:19]}
6. Nf3 {[%clk 1:33:09]} Nc6 {[%clk 1:32:39]} 7. Be3 {[%clk 1:33:32]} Be7
{[%clk 1:28:36]} 8. Qd2 {[%clk 1:32:50]} O-O {[%clk 1:27:04]} 9. Nd1
{[%clk 1:31:19]} cxd4 {[%clk 1:15:30]} 10. Nxd4 {[%clk 1:31:19]} Nc5
{[%clk 1:15:12]} 11. Nf2 {[%clk 1:27:36]} a6 {[%clk 1:06:16]} 12. Bd3
{[%clk 1:27:11]} Bd7 {[%clk 1:03:13]} 13. O-O {[%clk 1:27:12]} Rc8
{[%clk 1:01:45]} 14. Nf3 {[%clk 1:21:48]} Nxd3 {[%clk 0:57:01]} 15. Nxd3
{[%clk 1:21:55]} Na5 {[%clk 0:56:32]} 16. Qf2 {[%clk 1:16:23]} Qe8
{[%clk 0:45:42]} 17. Qe1 {[%clk 1:10:53]} Qd8 {[%clk 0:42:10]} 18. Nd4
{[%clk 1:08:35]} Nc6 {[%clk 0:37:07]} 19. Nb3 {[%clk 1:06:13]} b6
{[%clk 0:34:28]} 20. Qf2 {[%clk 1:04:46]} Rb8 {[%clk 0:34:34]} 21. Rfd1
{[%clk 1:01:39]} Qc7 {[%clk 0:33:30]} 22. Rac1 {[%clk 1:00:17]} Nb4
{[%clk 0:29:10]} 23. Nxb4 {[%clk 0:58:15]} Bxb4 {[%clk 0:29:32]} 24. c3
{[%clk 0:58:41]} Be7 {[%clk 0:29:43]} 25. Nd4 {[%clk 0:59:04]} f6
{[%clk 0:28:44]} 26. Nf3 {[%clk 0:57:55]} a5 {[%clk 0:21:18]} 27. Bd4
{[%clk 0:54:21]} f5 {[%clk 0:21:22]} 28. Kh1 {[%clk 0:53:07]} Be8
{[%clk 0:20:00]} 29. Rg1 {[%clk 0:52:46]} Bb5 {[%clk 0:19:41]} 30. Qe3
{[%clk 0:50:27]} Qa7 {[%clk 0:17:40]} 31. g4 {[%clk 0:48:59]} Be8
{[%clk 0:16:31]} 32. gxf5 {[%clk 0:47:29]} Rxf5 {[%clk 0:16:39]} 33. Rg3
{[%clk 0:46:58]} Bg6 {[%clk 0:16:15]} 34. Rcg1 {[%clk 0:47:18]} Rf7
{[%clk 0:13:35]} 35. Rxg6 {[%clk 0:47:32]} hxg6 {[%clk 0:13:58]} 36. Rxg6
{[%clk 0:47:59]} Rbf8 {[%clk 0:12:33]} 37. Bxb6 {[%clk 0:44:37]} Qb7
{[%clk 0:11:39]} 38. Rg4 {[%clk 0:43:07]} Rb8 {[%clk 0:11:30]} 39. Ba7
{[%clk 0:41:23]} Ra8 {[%clk 0:10:28]} 40. Bb6 {[%clk 0:39:50]} Ra6
{[%clk 0:07:03]} 41. Bc5 {[%clk 0:39:03]} Bxc5 {[%clk 0:07:11]} 42. Qxc5
{[%clk 0:39:31]} d4 {[%clk 0:07:33]} 43. Kg2 {[%clk 0:39:39]} Qxb2+
{[%clk 0:07:48]} 44. Kg3 {[%clk 0:39:24]} Qxc3 {[%clk 0:07:14]} 45. Qxd4
{[%clk 0:39:42]} Qxd4 {[%clk 0:07:27]} 46. Nxd4 {[%clk 0:40:10]} Rd7
{[%clk 0:05:54]} 47. f5 {[%clk 0:38:11]} exf5 {[%clk 0:05:50]} 48. Nxf5
{[%clk 0:38:37]} Re6 {[%clk 0:26:51]} 49. Re4 {[%clk 1:05:57]} Rd2
{[%clk 0:19:39]} 50. a4 {[%clk 1:05:20]} Rb2 {[%clk 0:13:12]} 51. h4
{[%clk 0:59:34]} Rb4 {[%clk 0:13:11]} 52. Kf4 {[%clk 0:58:47]} Rxe4+
{[%clk 0:11:53]} 53. Kxe4 {[%clk 0:59:15]} Rb6 {[%clk 0:12:10]} 54. Kd5
{[%clk 0:51:40]} g6 {[%clk 0:06:20]} 55. Ne7+ {[%clk 0:50:33]} Kf7
{[%clk 0:04:52]} 56. Nc6 {[%clk 0:50:55]} Rb1 {[%clk 0:04:02]} 57. Nxa5
{[%clk 0:38:12]} Ra1 {[%clk 0:04:19]} 58. Nc6 {[%clk 0:33:39]} Rxa4
{[%clk 0:04:32]} 59. e6+ {[%clk 0:34:03]} Ke8 {[%clk 0:03:59]} 60. Ne5
{[%clk 0:31:07]} Rxh4 {[%clk 0:02:30]} 61. Nxg6 {[%clk 0:31:25]} Rh6
{[%clk 0:02:13]} 62. Ne5 {[%clk 0:31:37]} Ke7 {[%clk 0:02:35]} 63. Nc6+
{[%clk 0:32:02]} Kf6 {[%clk 0:02:36]} 64. Kd6 {[%clk 0:29:06]} Rh1
{[%clk 0:02:32]} 65. Ne7 {[%clk 0:29:22]} Re1 {[%clk 0:02:09]} 66. Nd5+
{[%clk 0:29:46]} Kg7 {[%clk 0:02:24]} 67. Kd7 {[%clk 0:28:48]} Rxe6  1/2-1/2

[Event "European Senior Team Championship 2021"]
[Site "Don Giovanni hotel, Vinohradska 2733, Prague, Czech Republic"]
[Date "2021.09.02"]
[Round "4"]
[Board "1"]
[White "Vaisser, Anatoly"]
[Black "Jansa, Vlastimil"]
[Result "1-0"]
[WhiteElo "2496"]
[BlackElo "2420"]
[PlyCount "0"]
[EventDate "2021.08.30"]
[EventType "team"]
[EventRounds "9"]
[EventCountry "ECX"]
[WhiteTeam "FRANCE"]
[BlackTeam "LYSA NAD LABEM - 100 LET"]

1. d4 {[%clk 1:30:54]} Nf6 {[%clk 1:30:54]} 2. c4 {[%clk 1:31:02]} g6
{[%clk 1:31:13]} 3. Nc3 {[%clk 1:31:17]} d5 {[%clk 1:31:33]} 4. cxd5
{[%clk 1:31:38]} Nxd5 {[%clk 1:32:01]} 5. e4 {[%clk 1:31:50]} Nxc3
{[%clk 1:32:25]} 6. bxc3 {[%clk 1:32:17]} Bg7 {[%clk 1:32:47]} 7. Bc4
{[%clk 1:32:32]} O-O {[%clk 1:32:42]} 8. Ne2 {[%clk 1:32:05]} c5 {[%clk 1:31:53]}
9. O-O {[%clk 1:32:07]} Nc6 {[%clk 1:32:10]} 10. Be3 {[%clk 1:32:21]} Na5
{[%clk 1:30:39]} 11. Bd3 {[%clk 1:32:38]} b6 {[%clk 1:30:33]} 12. Rc1
{[%clk 1:28:52]} e6 {[%clk 1:26:37]} 13. Qd2 {[%clk 1:28:27]} Bb7
{[%clk 1:26:00]} 14. h4 {[%clk 1:23:43]} e5 {[%clk 1:17:56]} 15. h5
{[%clk 1:19:05]} cxd4 {[%clk 1:13:13]} 16. cxd4 {[%clk 1:18:41]} exd4
{[%clk 1:13:18]} 17. Bh6 {[%clk 1:18:48]} Qe7 {[%clk 0:58:26]} 18. Bxg7
{[%clk 1:13:16]} Kxg7 {[%clk 0:58:16]} 19. h6+ {[%clk 1:00:23]} Kg8
{[%clk 0:56:17]} 20. Nxd4 {[%clk 0:57:50]} Rad8 {[%clk 0:46:48]} 21. Nf3
{[%clk 0:51:06]} Rd7 {[%clk 0:40:59]} 22. Qc3 {[%clk 0:42:12]} f6
{[%clk 0:39:42]} 23. Bb5 {[%clk 0:39:56]} Rdd8 {[%clk 0:25:17]} 24. Rfe1
{[%clk 0:36:41]} Rc8 {[%clk 0:23:57]} 25. Qe3 {[%clk 0:34:50]} Rxc1
{[%clk 0:19:22]} 26. Qxc1 {[%clk 0:34:45]} Rc8 {[%clk 0:16:37]} 27. Qf4
{[%clk 0:34:33]} Rc5 {[%clk 0:14:17]} 28. Rd1 {[%clk 0:32:28]} Nc6
{[%clk 0:04:22]} 29. Ba4 {[%clk 0:30:57]} g5 {[%clk 0:04:04]} 30. Qg4
{[%clk 0:26:27]} Nb8 {[%clk 0:01:12]} 31. Bb3+ {[%clk 0:24:06]} Kf8
{[%clk 0:01:36]} 32. Nd4 {[%clk 0:20:44]} Bc8 {[%clk 0:01:56]} 33. Be6
{[%clk 0:20:00]}  1-0

[Event "European Senior Team Championship 2021"]
[Site "Don Giovanni hotel, Vinohradska 2733, Prague, Czech Republic"]
[Date "2021.09.02"]
[Round "4"]
[Board "2"]
[White "Meduna, Eduard"]
[Black "Sharif, Mehrshad"]
[Result "1/2-1/2"]
[WhiteElo "2352"]
[BlackElo "2335"]
[PlyCount "0"]
[EventDate "2021.08.30"]
[EventType "team"]
[EventRounds "9"]
[EventCountry "ECX"]
[WhiteTeam "LYSA NAD LABEM - 100 LET"]
[BlackTeam "FRANCE"]

1. d4 {[%clk 1:22:52]} d5 {[%clk 1:30:47]} 2. Nf3 {[%clk 1:22:34]} Nf6
{[%clk 1:30:49]} 3. c4 {[%clk 1:22:39]} e6 {[%clk 1:31:07]} 4. Nc3
{[%clk 1:22:51]} Nbd7 {[%clk 1:31:04]} 5. Bf4 {[%clk 1:22:40]} Be7
{[%clk 1:30:04]} 6. e3 {[%clk 1:21:48]} O-O {[%clk 1:30:17]} 7. c5
{[%clk 1:21:09]} Ne4 {[%clk 1:27:24]} 8. h4 {[%clk 1:00:43]} c6 {[%clk 1:24:35]}
9. Bd3 {[%clk 0:52:31]} f5 {[%clk 1:23:11]} 10. Qc2 {[%clk 0:48:59]} b6
{[%clk 1:17:49]} 11. b4 {[%clk 0:49:14]} a5 {[%clk 1:09:46]} 12. b5
{[%clk 0:49:26]} Nxc3 {[%clk 1:05:16]} 13. bxc6 {[%clk 0:38:55]} bxc5
{[%clk 1:01:32]} 14. cxd7 {[%clk 0:38:43]} Bxd7 {[%clk 1:00:15]} 15. Qxc3
{[%clk 0:36:26]} c4 {[%clk 0:59:58]} 16. O-O {[%clk 0:34:38]} Bb4
{[%clk 0:46:34]} 17. Qc2 {[%clk 0:34:13]} cxd3 {[%clk 0:46:26]} 18. Qxd3
{[%clk 0:34:17]} Rc8 {[%clk 0:35:15]} 19. Rfc1 {[%clk 0:32:24]}  1/2-1/2

[Event "European Senior Team Championship 2021"]
[Site "Don Giovanni hotel, Vinohradska 2733, Prague, Czech Republic"]
[Date "2021.09.02"]
[Round "4"]
[Board "3"]
[White "Giffard, Nicolas"]
[Black "Hausner, Ivan"]
[Result "0-1"]
[WhiteElo "2247"]
[BlackElo "2336"]
[PlyCount "0"]
[EventDate "2021.08.30"]
[EventType "team"]
[EventRounds "9"]
[EventCountry "ECX"]
[WhiteTeam "FRANCE"]
[BlackTeam "LYSA NAD LABEM - 100 LET"]

1. d4 {[%clk 1:30:55]} e6 {[%clk 1:30:57]} 2. c4 {[%clk 1:31:10]} b6
{[%clk 1:30:54]} 3. a3 {[%clk 1:30:16]} d5 {[%clk 1:28:54]} 4. Nf3
{[%clk 1:24:34]} Nf6 {[%clk 1:29:06]} 5. Qa4+ {[%clk 1:19:54]} c6
{[%clk 1:27:40]} 6. Bf4 {[%clk 1:18:05]} Bd6 {[%clk 1:25:21]} 7. Bxd6
{[%clk 1:13:25]} Qxd6 {[%clk 1:25:44]} 8. cxd5 {[%clk 1:13:04]} exd5
{[%clk 1:26:06]} 9. Nc3 {[%clk 1:11:39]} O-O {[%clk 1:25:12]} 10. e3
{[%clk 1:11:20]} Bf5 {[%clk 1:24:41]} 11. Be2 {[%clk 1:09:56]} Nbd7
{[%clk 1:23:03]} 12. O-O {[%clk 1:08:22]} a5 {[%clk 1:19:59]} 13. Rfc1
{[%clk 1:03:46]} b5 {[%clk 1:19:32]} 14. Qd1 {[%clk 1:04:02]} a4 {[%clk 1:17:48]}
15. Na2 {[%clk 0:49:08]} Nb6 {[%clk 1:17:05]} 16. Ne5 {[%clk 0:46:06]} Nc4
{[%clk 1:16:53]} 17. Nxc4 {[%clk 0:46:05]} dxc4 {[%clk 1:17:02]} 18. Nc3
{[%clk 0:38:11]} Nd5 {[%clk 1:15:01]} 19. Bf3 {[%clk 0:37:09]} Nxc3
{[%clk 1:14:56]} 20. bxc3 {[%clk 0:34:37]} Rfe8 {[%clk 1:14:59]} 21. Qd2
{[%clk 0:32:26]} Bd3 {[%clk 1:14:15]} 22. Re1 {[%clk 0:30:43]} f5
{[%clk 1:14:34]} 23. Qb2 {[%clk 0:30:00]} g5 {[%clk 1:10:03]} 24. g3
{[%clk 0:25:08]} g4 {[%clk 1:10:23]} 25. Bg2 {[%clk 0:25:27]} Be4
{[%clk 1:09:47]} 26. Bxe4 {[%clk 0:25:14]} fxe4 {[%clk 1:10:12]} 27. Red1
{[%clk 0:20:15]} Qd5 {[%clk 1:09:51]} 28. Qb4 {[%clk 0:17:44]} Rad8
{[%clk 1:10:01]} 29. Qc5 {[%clk 0:07:21]} Qxc5 {[%clk 1:10:20]} 30. dxc5
{[%clk 0:07:44]} Rd3 {[%clk 1:10:47]} 31. Kf1 {[%clk 0:03:34]} Red8
{[%clk 1:10:48]} 32. Ke2 {[%clk 0:03:44]} Kf7 {[%clk 1:10:23]} 33. Rxd3
{[%clk 0:03:56]} Rxd3 {[%clk 1:10:44]} 34. Rc1 {[%clk 0:04:10]} Ke6
{[%clk 1:11:08]} 35. Rc2 {[%clk 0:04:29]} Kd5 {[%clk 1:11:31]} 36. Rc1
{[%clk 0:04:51]} Kxc5 {[%clk 1:11:55]} 37. Rc2 {[%clk 0:04:52]} Kb6
{[%clk 1:12:06]} 38. Rc1 {[%clk 0:05:09]} c5 {[%clk 1:12:28]} 39. Rc2
{[%clk 0:05:25]} Ka5 {[%clk 1:12:37]} 40. Rc1 {[%clk 0:05:26]} b4
{[%clk 1:12:46]} 41. cxb4+ {[%clk 0:05:32]} cxb4 {[%clk 1:13:11]} 42. Rxc4
{[%clk 0:05:36]} bxa3 {[%clk 1:13:23]}  0-1

[Event "European Senior Team Championship 2021"]
[Site "Don Giovanni hotel, Vinohradska 2733, Prague, Czech Republic"]
[Date "2021.09.02"]
[Round "4"]
[Board "4"]
[White "Spacek, Petr"]
[Black "Berthelot, Yannick"]
[Result "1-0"]
[WhiteElo "2318"]
[BlackElo "2266"]
[PlyCount "0"]
[EventDate "2021.08.30"]
[EventType "team"]
[EventRounds "9"]
[EventCountry "ECX"]
[WhiteTeam "LYSA NAD LABEM - 100 LET"]
[BlackTeam "FRANCE"]

1. d4 {[%clk 1:30:57]} f5 {[%clk 1:30:48]} 2. g3 {[%clk 1:30:26]} Nf6
{[%clk 1:31:01]} 3. Bg2 {[%clk 1:30:46]} g6 {[%clk 1:31:14]} 4. Nf3
{[%clk 1:29:44]} Bg7 {[%clk 1:31:18]} 5. b3 {[%clk 1:28:40]} O-O {[%clk 1:31:03]}
6. Bb2 {[%clk 1:29:04]} d6 {[%clk 1:30:56]} 7. O-O {[%clk 1:29:21]} c6
{[%clk 1:30:32]} 8. Nbd2 {[%clk 1:23:33]} a5 {[%clk 1:29:30]} 9. a4
{[%clk 1:23:15]} Qc7 {[%clk 1:21:48]} 10. Nc4 {[%clk 1:13:56]} Na6
{[%clk 1:14:42]} 11. e3 {[%clk 1:09:27]} Bd7 {[%clk 1:07:18]} 12. Qe2
{[%clk 1:08:21]} Rad8 {[%clk 1:00:55]} 13. Nfd2 {[%clk 0:53:23]} Bc8
{[%clk 0:46:35]} 14. f3 {[%clk 0:51:36]} Nd7 {[%clk 0:37:21]} 15. e4
{[%clk 0:44:09]} fxe4 {[%clk 0:33:46]} 16. fxe4 {[%clk 0:40:51]} c5
{[%clk 0:13:17]} 17. d5 {[%clk 0:39:45]} Bxb2 {[%clk 0:11:22]} 18. Nxb2
{[%clk 0:40:14]} Ne5 {[%clk 0:09:51]} 19. Nbc4 {[%clk 0:37:58]} Nb8
{[%clk 0:05:01]} 20. Nxe5 {[%clk 0:29:24]} dxe5 {[%clk 0:05:24]} 21. Qc4
{[%clk 0:29:04]} Kg7 {[%clk 0:04:24]} 22. Qc3 {[%clk 0:29:19]} b6
{[%clk 0:03:21]} 23. Nf3 {[%clk 0:25:53]} Nd7 {[%clk 0:02:56]} 24. Bh3
{[%clk 0:24:26]} Nf6 {[%clk 0:02:35]} 25. Bxc8 {[%clk 0:24:41]} Rxc8
{[%clk 0:02:56]} 26. Ng5 {[%clk 0:23:13]} Qd6 {[%clk 0:02:41]} 27. Ne6+
{[%clk 0:23:18]} Kg8 {[%clk 0:03:05]} 28. Nxf8 {[%clk 0:23:31]} Rxf8
{[%clk 0:03:29]} 29. Rae1 {[%clk 0:18:49]} Rc8 {[%clk 0:01:24]} 30. Qc4
{[%clk 0:18:39]} Kg7 {[%clk 0:01:44]} 31. Kg2 {[%clk 0:17:22]} Rc7
{[%clk 0:01:43]} 32. Rf3 {[%clk 0:17:07]} Rc8 {[%clk 0:01:52]} 33. h3
{[%clk 0:14:51]} Rd8 {[%clk 0:02:13]} 34. Qe2 Re8 {[%clk 0:02:31]} 35. c3
{[%clk 0:14:30]} Rc8 {[%clk 0:02:34]} 36. Qa6 {[%clk 0:12:25]} Rd8
{[%clk 0:02:32]} 37. Re2 {[%clk 0:11:29]} Re8 {[%clk 0:02:50]} 38. Qd3
{[%clk 0:10:38]} Rc8 {[%clk 0:03:10]} 39. Qc4 {[%clk 0:09:51]} Rd8
{[%clk 0:03:20]} 40. Ref2 {[%clk 0:09:56]} Ra8 {[%clk 0:03:35]} 41. g4
{[%clk 0:09:20]} Kg8 {[%clk 0:30:11]} 42. Qe2 {[%clk 0:38:49]} Rd8
{[%clk 0:29:21]} 43. Qe3 {[%clk 0:38:22]} Kg7 {[%clk 0:28:40]} 44. Rg3
{[%clk 0:31:39]} c4 {[%clk 0:21:22]} 45. bxc4 {[%clk 0:30:21]} Rc8
{[%clk 0:21:18]} 46. Qd3 {[%clk 0:22:06]} Qc5 {[%clk 0:15:52]} 47. Rgf3
{[%clk 0:22:02]} h6 {[%clk 0:12:39]} 48. Qf1 {[%clk 0:18:29]} Qxc4
{[%clk 0:10:41]} 49. Qxc4 {[%clk 0:18:30]} Rxc4 {[%clk 0:11:09]} 50. d6
{[%clk 0:18:48]} Rc8 {[%clk 0:05:00]} 51. dxe7 {[%clk 0:18:58]} Nh7
{[%clk 0:05:23]} 52. Rf7+ {[%clk 0:18:58]} Kg8 {[%clk 0:05:47]} 53. Rxh7
{[%clk 0:19:16]}  1-0